=LDR 00000nam 2200000 4500 =001 NUTBA000000000004572 =005 20140917105255.0 =006 =007 =008 =020 ##$$a 979-006-448-9 =035 ##$$a 0010-091400000000605 =040 ##$$a NBPDMAT =082 ##$$a 621.4 =084 ##$$a 621.4 des t =100 ##$$a Desty Ervina Puspaningtyas =245 ##$$a The Miracle of Fruits / $c Desty Ervina Puspaningtyas; penyunting, Nofiandi Ofi =260 ##$$a Jakarta : $b Agro Media Pustaka, $c 2013 =300 ##$$a viii, 301 hlm. : $b ilus. ; $c 24 cm. =500 ##$$a Bibliografi : hlm. 287-299 =650 ##$$a Buah-buahan dan kesehatan =990 ##$$a 21409892 =990 ##$$a 0001/BPAP-NTB/20142014 =990 ##$$a 0001/BPAP-NTB/20142014 =990 ##$$a 0001/BPAP-NTB/20142014 =990 ##$$a 0001/BPAP-NTB/20142014 =990 ##$$a 0001/BPAP-NTB/20142014